000 00758 a2200229 4500
005 20260415084954.0
008 260319b ||||| |||| 00| 0 eng d
020 _a9781912906260
040 _aLC
_cUNZA
_eRDA
050 _aLB 2822.83 .M6
_bKAL 2019
100 _aKalenze, Eric
_eauthor
245 _aWhat the academy taught us :
_bimproving schools from the bottom up in a top-down transformation era /
_cEric Kalenze.
260 _aWoodbridge :
_bJohn Catt Educational Ltd,
_c2019.
300 _a400 pages.
336 _aText
337 _aUnmediated
338 _aVolume
650 _aSchool improvement programs
_zUnited States
650 _aEducational change
_zUnited States
650 _aPublic schools
_zUnited States
_xReform
942 _cBOOK
999 _c216440
_d216440